000 00763nam a2200253 4500
003 OSt
005 20260601193526.0
008 260505b2004 nyua|||| |||| 00| 0 eng d
020 _a0060730781
040 _aICI
_bspa
_cICI
041 _aeng
050 1 _aNC997
_bC73 2004
100 _aE. Carter, David
_935797
245 0 _aCreativity 33
264 _aNew York, New York :
_bHarper Design International,
_c2004
300 _a400 páginas :
336 _atexto
_2rdacontent
337 _asin medio
_2rdamedia
338 _avolumen
_2rdacarrier
500 _a"Bright ideas in advertising & design from the USA and around the world"
650 _aArte comercial
_zEstados Unidos
_935798
650 _aArte comercial
_vExposiciones
_935799
942 _2lcc
_cB
_n1
999 _c21193
_d21193